Регионална библиотека "Любен Каравелов" - Русе

Под сянката на Сталин и Хитлер (Запис номер 175593)

MARC детайли
000 -Лидер
Контролно поле с фиксирана дължина 02995nam a2200589 c 4500
003 - Код на организацията, давaща контролен номер
Контролно поле BLK
005 - Дата и час на последна редакция
Контролно поле 20250212133204.0
008 - Елементи от данни с фиксирана дължина
fixed length control field 180411b bul|||||r ||||||| ||bul||
010 ## - Наследен системен номер
LC control number KNG00184187000
020 ## - Международен стандартен номер на книга ISBN
Международен стандартен номер на книга ISBN 978-954-535-836-4
040 ## - Източник на каталожния запис
Идентификатор на билиотеката - собственик на записа BLK
041 ## - Код за език
Код за езика на текст/звукозапис или на отделно заглавие Български
Код за езика КДБФ Български
072 #7 - Код за тематичната категория
Код организация bullib
Код за тематична категория Н92
Текст История Н
080 ## - УДК
Текстов определител УДК История на Втората световна война (1939-1945)
УДК код - определител по УДК 94(100)"1939/1945"
УДК - код + определител 94(100)"1939/1945"
080 ## - УДК
Текстов определител УДК История на Германия
УДК код - определител по УДК 94(430)
УДК определител (092)
УДК - код + определител 94(430)(092)
080 ## - УДК
Текстов определител УДК История на Русия и СССР. Вж и 936 ; 957
УДК код - определител по УДК 94(470)
УДК определител (092)
УДК - код + определител 94(470)(092)
080 ## - УДК
Текстов определител УДК Биографии
УДК код - определител по УДК 929
УДК определител (4)
УДК - код + определител 929(4)
100 1# - Редна дума - Автор
Автор Цветков, Пламен Симеонов
Авторска отговорност първи автор
R(LIN) 365784
139 ## - Редно поле
Редна дума Цветков, Пламен Симеонов
Авторски знак Цветк - Ц 34
245 10 - Сведения за заглавието
Заглавие Под сянката на Сталин и Хитлер
Подзаглавни данни Втората световна война и съдбата на европ. народи, 1939 - 1941 : Т. 1 -
Редно поле (дума) Пламен Симеонов Цветков.
Том Т. 1
Заглавие на том Началото на Втората световна война в Европа
257 ## - Страна на издаване
Страна на създаване/издаване България
260 ## - Област на издателските данни
Година на издаване 2014 -
300 ## - Физическа характеристика
Размери/Мащаб 23 см
380 ## - Жанр
Жанр История
600 14 - Име на лице, използвано като предмет
За него / За нея Сталин, Йосиф Висарионович
9 (RLIN) 366674
600 14 - Име на лице, използвано като предмет
За него / За нея Хитлер, Адолф
Свързани дати 1889-1945
Друга информация Немски политик, диктатор, райхспрезидент на Германия, фюрер и райхсканцлер, лидер на Националсоциалистическата германска работническа партия (NSDAP)
9 (RLIN) 137148
650 #4 - Допълнително описание по предмет – тема
Основно описание – тема или топоним Втора световна война
9 (RLIN) 266732
650 #4 - Допълнително описание по предмет – тема
Основно описание – тема или топоним Сталин (Джугашвили), Йосиф Висарионович
9 (RLIN) 171930
650 #4 - Допълнително описание по предмет – тема
Основно описание – тема или топоним Хитлер, Адолф
9 (RLIN) 137148
650 #4 - Допълнително описание по предмет – тема
Основно описание – тема или топоним Германия - история
9 (RLIN) 253290
650 #4 - Допълнително описание по предмет – тема
Основно описание – тема или топоним Втора световна война - участие на СССР
9 (RLIN) 256326
650 #4 - Допълнително описание по предмет – тема
Основно описание – тема или топоним Политици, немски
9 (RLIN) 246498
650 #4 - Допълнително описание по предмет – тема
Основно описание – тема или топоним Политици, съветски
9 (RLIN) 250566
650 #4 - Допълнително описание по предмет – тема
Основно описание – тема или топоним Фашизъм - Европа
9 (RLIN) 277177
651 #4 - Допълнително описание по предмет - топоним
Географско понятие Европа
9 (RLIN) 244407
651 #4 - Допълнително описание по предмет - топоним
Географско понятие Германия
9 (RLIN) 178754
651 #4 - Допълнително описание по предмет - топоним
Географско понятие СССР
9 (RLIN) 179592
653 ## - Ключова дума – ненормативна
Ключова дума Втора световна война
653 ## - Ключова дума – ненормативна
Ключова дума Сталин
653 ## - Ключова дума – ненормативна
Ключова дума Хитлер
653 ## - Ключова дума – ненормативна
Ключова дума история
653 ## - Ключова дума – ненормативна
Ключова дума фашизъм
659 ## - Тематичен бюлетин
Тематичен бюлетин Н
760 1# - Описание на основната серия
Редна дума на основното описание Цветков, Пламен Симеонов
Място на издаване, издател и година Нов бълг. унив., 2014
Страници - том 726 с.
Забележка - том Библиогр. под линия.
Заглавие Т. 1 Началото на Втората световна война в Европа
852 ## - Местоположение
Форматна сигнатура Цб 277715
856 4# - Електронен адрес и достъп
Електронен формат pdf - файл
856 4# - Електронен адрес и достъп
Електронен формат pdf - файл
999 ## - СИСТЕМНИ КОНТРОЛНИ НОМЕРА
Koha biblionumber 175593
Koha biblioitemnumber 175593
942 ## - АРТИКУЛИ
Вид на библиотечния материал Книги
Скрит в OPAC Не
Koha issues (borrowed), all copies 3
Периодичен библиозапис Да
944 ## - СЪЗДАВАНЕ И РЕДАКЦИЯ на ЗАПИСА
Създаване/Редакция Създаване
Дата на регистрацията/редакция 28.10.2015
Статус, дата на статуса Севдалина Тодорова
Служител, извършил регистрацията/редакцията 30540
944 ## - СЪЗДАВАНЕ И РЕДАКЦИЯ на ЗАПИСА
Създаване/Редакция Редакция
Дата на регистрацията/редакция 08.03.2016
Статус, дата на статуса ф /
Служител, извършил регистрацията/редакцията Пенка_Димитрова
999 ## - СИСТЕМНИ КОНТРОЛНИ НОМЕРА
Koha biblioitemnumber 175593
Наличности
Код за отписване Код за изгубен артикул Източник на класификационната схема Код за повреда Коз за рестрикции Код за отдаване Артикулен № Име на библиотеката - собственик Име на библиотеката, в която се намира в момента Статус (Текущо местоположение) Дата на вписване в системата Местоположение - отдел Цена в лева Инвентарен номер Систематично азбучна сигнатура Баркод Номер на екземпляра Цена в евро Служебна бележка Служебен тип на артикула
  Не е изгубен Universal Decimal Classification Не е повреден без рестрикции заемане за дома 302209 Регионална библиотека "Любен Каравелов" Русе Регионална библиотека "Любен Каравелов" Русе Заемна - подръчен фонд 2015-10-27 Заемна - подръчен фонд 27.00 120000794117 94(100)"1939/1945"/Ц 34 П 120000794117 1 13.80 Дост: Pk Вид: Ф N: 441 Дата: 13.10.2015 Дата инв: 07.02.2018 Бележки инв: П2018 Книги
  Не е изгубен   Не е повреден без рестрикции ползва се в читалня 302210 Регионална библиотека "Любен Каравелов" Русе Регионална библиотека "Любен Каравелов" Русе Хранилище 2016-03-08 Хранилище 27.00 120000798564 Цб 277715 120000798564 2 13.80 Дост: Dp Вид: Д N: 6 Дата: 26.01.2016 Книги
Vip Innovations Ltd, Rousse, Bulgaria 2025